000 00718nam a22002177a 4500
003 UA-OsUOA
001 113932
007 ta
008 20151008b un ||||| |||| 00| 0 ukr d
100 _aБулкін І.О.
090 _a330(477)
_bБ90
942 _cSA
040 _aUA-OsUOA
_bukr
_cUA-OsUOA
_dUA-OsUOA
245 _aЕволюція інноваційного розвитку в промисловості України за напрямами витрат на технологічні інновації
300 _aС.2-18
955 _a0
041 _aukr
080 _a330(477)
773 0 _w113930
_tПроблеми науки
_dК.
_d2015
_g7
650 7 _a330 Економіка взагалі
_2UDC
999 _c400101
_d400101